Design of a Numerical Model of a Particle Damper for Dynamic Simulations

Uložené v:
Podrobná bibliografia
Hlavný autor: Gani, Shahul (Autor)
Ďalší autori: Úradníček, Juraj (Vedúci práce)
Médium: Rukopis Kniha
Jazyk:Slovak
English
Vydavateľské údaje: 2025
Predmet:
On-line prístup:http://is.stuba.sk/zp/portal_zp.pl?podrobnosti=187236
Tagy: Pridať tag
Žiadne tagy, Buďte prvý, kto otaguje tento záznam!

MARC

LEADER 00000ntm a22000003a 4500
001 stuzp106470
003 SK-STU
005 20250621210746.1
007 ta
008 150427s2015----xo-----f-mn---000-0-slo-d
040 |a STU  |b slo 
041 0 |a eng 
100 1 |a Gani, Shahul  |u 020000  |4 aut  |T SjF Strojnícka fakulta  |X 129539  |U J  |Y 20  |7 129539 
242 0 1 |a Návrh numerického modelu časticového tlmiča pre dynamické simulácie  |y slo 
245 1 0 |a Design of a Numerical Model of a Particle Damper for Dynamic Simulations 
260 |c 2025 
650 4 |a Časticový tlmič  |2 slo 
650 4 |a MSC Adams  |2 slo 
650 4 |a numerický model  |2 slo 
650 4 |a experimentálne overenie  |2 slo 
650 4 |a tlmenie vibrácií  |2 slo 
650 4 |a viac-telesová dynamika  |2 slo 
650 4 |a Numerical Model  |2 eng 
650 4 |a Experimental Validation  |2 eng 
650 4 |a Vibration Damping  |2 eng 
650 4 |a Particle Damper  |2 eng 
650 4 |a multibody mechanical system  |2 eng 
650 4 |a MSC Adams  |2 eng 
700 1 |a Úradníček, Juraj  |u 020010  |k Z1  |4 ths  |U SjF Strojnícka fakulta  |T SjF Ústav aplikovanej mechaniky a mechatroniky  |X 10090  |U J0010  |Y 801  |7 A000010090 
856 4 |u http://is.stuba.sk/zp/portal_zp.pl?podrobnosti=187236